Flugziele vom Flughafen Nürnberg (NUE) - Statistiken

Allgemein
  • Dieses Quiz wurde 325 mal gespielt
  • Das Durchschnittsergebnis liegt bei 33 aus 65
Antwortstatistiken
Land Airlines Flugziel % Korrekt
Österreich Austrian Wien (VIE)
93%
Großbritannien British Airways London Heathrow (LHR)
89%
Griechenland Aegean Athen (ATH)
88%
Großbritannien Ryanair London Stansted (STN)
88%
Frankreich Air France Paris (CDG)
88%
Niederlande KLM Amsterdam (AMS)
87%
Irland Ryanair Dublin (DUB)
86%
Spanien Vueling Barcelona (BCN)
84%
Deutschland Lufthansa Frankfurt (FRA)
84%
Türkei Turkish Airlines Istanbul (IST)
83%
Ungarn Ryanair Budapest (BUD)
81%
Spanien Ryanair Girona (GRO)
81%
Portugal Ryanair Porto (OPO)
81%
Schweiz Swiss Zürich (ZRH)
79%
Bulgarien Ryanair Sofia (SOF)
77%
Rumänien Wizz Air Bukarest (OTP)
75%
Spanien Condor,Corendon, Eurowings, Ryanair Palma de Mallorca (PMI)
73%
Albanien Wizz Air Tirana (TIA)
70%
Türkei Corendon Ankara (ESB)
69%
Türkei Corendon,Freebird, Pegasus, SunExpress Antalya (AYT)
69%
Serbien Air Serbia Belgrad (BEG)
64%
Griechenland Corendon, SmartLynx Heraklion (HER)
64%
Italien Ryanair Neapel (NAP)
62%
Spanien Ryanair Valencia (VLC)
61%
Italien Ryanair Venedig (VCE)
61%
Nordmazedonien Wizz Air Skopje (SKP)
60%
Litauen Ryanair Vilnius (VNO)
60%
Polen Ryanair Krakau (KRK)
57%
Ägypten Air Cairo,Corendon, SmartLynx Hurghada (HRG)
53%
Italien Ryanair Palermo (PMO)
52%
Griechenland Corendon, SmartLynx Rhodos (RHO)
52%
Spanien Ryanair Sevilla (SVQ)
52%
Griechenland Aegean,Ryanair Thessaloniki (SKG)
51%
Griechenland Ryanair Chania (CHQ)
50%
Türkei Corendon,SunExpress Izmir (ADB)
50%
Spanien Ryanair Malaga (AGP)
50%
Portugal Ryanair Funchal (FNC)
49%
Spanien Corendon,SmartLynx Gran Canaria (LPA)
49%
Spanien Ryanair Ibiza (IBZ)
44%
Spanien Corendon,Ryanair Teneriffa South (TFS)
44%
Portugal Ryanair Faro (FAO)
40%
Griechenland Corendon,SmartLynx Kos (KGS)
40%
Italien Ryanair Bari (BRI)
39%
Bulgarien Wizz Air Varna (VAR)
38%
Spanien Ryanair Alicante (ALC)
37%
Spanien Corendon, SmartLynx Fuerteventura (FUE)
37%
Griechenland Corendon,Ryanair Korfu (CFU)
34%
Rumänien Wizz Air Cluj-Napoca (CLJ)
31%
Italien Ryanair Bologna (BLQ)
29%
Kroatien Ryanair Zadar (ZAD)
29%
Spanien Corendon Lanzarote (ACE)
25%
Italien Ryanair Cagliari (CAG)
24%
Türkei Corendon Adana (ADA)
22%
Türkei Pegasus Istanbul (SAW)
21%
Türkei Corendon Bodrum (BJV)
19%
Zypern Corendon Larnaca (LCA)
19%
Ägypten Corendon Marsa Alam (RMF)
17%
Bosnien-Herzegowina Ryanair Banja Luka (BNX)
16%
Rumänien Wizz Air Sibiu (SBZ)
13%
Bosnien-Herzegowina Wizz Air Tuzla (TZL)
12%
Italien Ryanair Lamezia Terme (SUF)
10%
Portugal Ryanair Ponta Delgada (PDL)
10%
Türkei Corendon Dalaman (DLM)
8%
Türkei Corendon Kayseri (ASR)
8%
Tunesien SmartLynx Enfidha (NBE)
4%
Keine übereinstimmenden Quizze gefunden
Verteilung der Resultate
Anzahl Personen mit jedem Resultat
Perzentil nach korrekt beantworteten Fragen
Ihre Resultats-Entwicklung
Sie haben dieses Quiz noch nicht gespielt